000 00641nam a2200229Ia 4500
003 OSt
005 20221007064050.0
006 a|||||r|||| 00| 0
007 ta
008 221006b |||||||| |||| 00| 0 eng d
024 _a25,459
037 _cReports / Technical Reports
040 _aFLL
_cFLL
_beng
041 _2eng
_aeng
082 _aV2:1:M5, A.2
100 _aLudlow John Malcolm
_9583177
245 0 _aBritish India
260 _aCambridge
_bMacmillan And Co. London
_c1858
300 _a390p
_ccm.
942 _hV2:1:M5, A.2
_cREP
_2CC
999 _c1132911
_d1132911